zpět

Detail výsledku týmu

Trojka, Brno

Datum a čas kvízu

29.5 Celkem bodů Celkový počet nahraných bodů na tomto kvízu bez doplňovacích otázek.
6. Pořadí na kvízu Konečné umístění týmu na tomto kvízu.

Zaznamenané odpovědi

# Otázka Odpověď Body Výsledky
1. Co bylo hlavní motivací kavárn... C 1
2. Na Světovém ekonomickém fóru v... Václava Havla 1
3. Fotografií roku 2025 se v sout... A) konec hlubinné těžby uhlí na Ostravsku 1
4. V pondělí opustila přísně stře... Předmostecká/Předmostí 0
5. Ve kterém sportu povede nově č... A 0
6. Jak se jmenuje horolezec, jenž... Radek Jaroš 0
7. Jak se trojslovně jmenuje tato... lezení na rychlost 1
8. Jak se jmenuje tento základní... dračí smyčka 0
9. Za půl bodu napište jméno ikon... Matterhorn, Švýcarsko a Itálie 0.5
10. Jak se jmenuje fenomenální slo... B) Janja Garnbret 0